| 000 | 00615nam a2200205 a 4500 | ||
|---|---|---|---|
| 001 | BRCA_6115 | ||
| 005 | 20190320205335.0 | ||
| 008 | 300611s1917----mx-a######---#000-0#spa-# | ||
| 041 | _aspa | ||
| 044 | _amx | ||
| 050 | 4 |
_aD640 _b.P58 1917 |
|
| 100 | 1 |
_aPluschow, Gunther _d1886-1931 _915444 |
|
| 245 | 1 | 0 |
_aLas hazañas del aviador de Tsingtao _bmis aventuras en tres continentes del mundo _cpor el teniente capitán Gunther Pluschow. |
| 260 |
_aMéxico _bMuller _c1917 |
||
| 300 |
_a403 p. _bil., fotos _c19 cm. |
||
| 500 | _aK18 | ||
| 650 | 1 | 4 |
_aGuerra Europea _y1914-1918 _914945 |
| 902 | _aGFM | ||
| 942 |
_2lcc _cB |
||
| 999 |
_c5802 _d5802 |
||